[Event "Szolnok Agora op 2nd"]
[Site "Szolnok"]
[Date "2023.06.30"]
[Round "4"]
[White "Major, Peter Pal"]
[Black "Karman, Laszlo"]
[Result "0-1"]
[WhiteElo "1269"]
[BlackElo "1157"]
[PlyCount "120"]
[EventDate "2023.06.29"]
[EventType "swiss"]
[EventRounds "7"]
[EventCountry "HUN"]
[SourceTitle "EXT 2024"]
[Source "ChessBase"]
[SourceDate "2023.10.10"]
[SourceVersion "1"]
[SourceVersionDate "2023.10.10"]
[SourceQuality "1"]

1. e4 c5 2. Nf3 a6 3. d4 cxd4 4. Nxd4 e6 5. c4 Nf6 6. Bd3 e5 7. Nf3 Be7 8. 0-0 Nc6 9. Nc3 d6 10. h3 Be6 11. Be3 Nb4 12. Be2 Rc8 13. Qb3 Nc6 14. Qxb7 0-0 15. Qxa6 Bd7 16. b3 Nb4 17. Qb6 Nc2 18. Qxd8 Bxd8 19. Rad1 Nxe3 20. fxe3 Bb6 21. Rxd6 Bxe3+ 22. Kh1 Bc5 23. Rdd1 Rfd8 24. Bd3 Nh5 25. Kh2 Bc6 26. Nd5 Bxd5 27. cxd5 Be3 28. g3 Rc3 29. d6 Nf6 30. Bb1 Nd7 31. Rd3 Rxd3 32. Bxd3 Rb8 33. Bc4 Kf8 34. Nh4 f6 35. Nf5 Bc5 36. g4 Rb6 37. Rd1 g6 38. Nh6 Rxd6 39. Rxd6 Bxd6 40. Kg3 Nb6 41. Kh4 Nxc4 42. bxc4 Kg7 43. g5 fxg5+ 44. Kxg5 Be7+ 45. Kg4 Kxh6 46. a4 Bc5 47. a5 Kg7 48. a6 Kf6 49. h4 h5+ 50. Kf3 g5 51. hxg5+ Kxg5 52. Kg3 h4+ 53. Kh3 Kh5 54. Kg2 Kg4 55. Kh2 h3 56. Kh1 Kf3 57. Kh2 Kxe4 58. Kxh3 Kd3 59. Kg2 Kd2 60. Kf3 Kd3 0-1

[Event "Szolnok Agora op 2nd"]
[Site "Szolnok"]
[Date "2023.06.29"]
[Round "1"]
[White "Hideg, Ferenc Bendeguz"]
[Black "Major, Peter Pal"]
[Result "1-0"]
[WhiteElo "1799"]
[BlackElo "1269"]
[PlyCount "75"]
[EventDate "2023.06.29"]
[EventType "swiss"]
[EventRounds "7"]
[EventCountry "HUN"]
[SourceTitle "EXT 2024"]
[Source "ChessBase"]
[SourceDate "2023.10.10"]
[SourceVersion "1"]
[SourceVersionDate "2023.10.10"]
[SourceQuality "1"]

1. d4 Nf6 2. c4 g6 3. Nc3 Bg7 4. e4 d6 5. f4 c5 6. d5 0-0 7. Be2 Qa5 8. Bd2 Qb6 9. Qc2 Bg4 10. Nf3 Nfd7 11. 0-0 Bd4+ 12. Kh1 Bg7 13. Rab1 Qc7 14. h3 Bxf3 15. Bxf3 Nb6 16. a3 a6 17. Nd1 N8d7 18. Bg4 h5 19. Bf3 Nf6 20. Ba5 Nfd7 21. Qb3 e6 22. Nc3 Bf6 23. Na4 Bd8 24. g4 hxg4 25. Bxg4 f5 26. dxe6 fxg4 27. exd7 Qc6 28. Bxb6 Qxe4+ 29. Kh2 Bh4 30. hxg4 Rxf4 31. Rxf4 Qxf4+ 32. Kh3 Kf7 33. d8Q Bxd8 34. Qd3 Bf6 35. Qd5+ Kf8 36. Re1 Be5 37. Rxe5 dxe5 38. Bxc5+ 1-0

[Event "Szolnok Agora op 2nd"]
[Site "Szolnok"]
[Date "2023.06.29"]
[Round "2"]
[White "Major, Peter Pal"]
[Black "Turoczi, Peter"]
[Result "0-1"]
[WhiteElo "1269"]
[BlackElo "1478"]
[PlyCount "37"]
[EventDate "2023.06.29"]
[EventType "swiss"]
[EventRounds "7"]
[EventCountry "HUN"]
[SourceTitle "EXT 2024"]
[Source "ChessBase"]
[SourceDate "2023.10.10"]
[SourceVersion "1"]
[SourceVersionDate "2023.10.10"]
[SourceQuality "1"]

1. e4 e6 2. d3 c5 3. g3 d5 4. Nd2 Nf6 5. Bg2 dxe4 6. Nxe4 Nbd7 7. Bg5 Be7 8. Be3 Nd5 9. Nf3 Nxe3 10. fxe3 Nf6 11. Ne5 Nxe4 12. Bxe4 0-0 13. 0-0 f5 14. Bg2 Bf6 15. Nc4 Rb8 16. a4 b6 17. Rb1 Ba6 18. b3 b5 19. Na5 0-1